| 000 | 00421nam a22001337a 4500 | ||
|---|---|---|---|
| 999 |
_c7564 _d7564 |
||
| 003 | LSTLib | ||
| 008 | 210924b ||||| |||| 00| 0 eng d | ||
| 020 | _a9789551302405 | ||
| 041 | _aeng | ||
| 082 |
_a331.796 _bRIG |
||
| 245 |
_aRights, Remittances and Reintegration _bWomen Migrant Workers and Returnees in Sri Lanka |
||
| 260 |
_aColombo _bLaw & Society Trust _c2011 |
||
| 942 |
_2ddc _cTB _k331.796 _mRIG |
||